鲁豫有约: 男角 (Record no. 69645)

000 -LEADER
fixed length control field 00556nam a22002057a 4500
003 - CONTROL NUMBER IDENTIFIER
control field MPLRDC
005 - DATE AND TIME OF LATEST TRANSACTION
control field 20220105061145.0
008 - FIXED-LENGTH DATA ELEMENTS--GENERAL INFORMATION
fixed length control field 210129b ||||| |||| 00| 0 eng d
020 ## - INTERNATIONAL STANDARD BOOK NUMBER
International Standard Book Number 978-7-5080-4531-3
082 ## - DEWEY DECIMAL CLASSIFICATION NUMBER
Classification number 782.886 CLY-3 c.2
100 ## - MAIN ENTRY--PERSONAL NAME
Personal name 凤凰卫视<鲁豫有约>栏目组
245 ## - TITLE STATEMENT
Title 鲁豫有约: 男角
Statement of responsibility, etc.
250 ## - EDITION STATEMENT
Edition statement 一版一刷
260 ## - PUBLICATION, DISTRIBUTION, ETC.
Place of publication, distribution, etc. 中国
Name of publisher, distributor, etc. 华夏出版社
Date of publication, distribution, etc. 2008
300 ## - PHYSICAL DESCRIPTION
Other physical details
490 ## - SERIES STATEMENT
Series statement 文轩凤凰丛书
520 ## - SUMMARY, ETC.
Summary, etc. 上架 2018-05-25。
650 ## - SUBJECT ADDED ENTRY--TOPICAL TERM
Topical term or geographic name entry element 陈鲁豫传记
942 ## - ADDED ENTRY ELEMENTS (KOHA)
Koha item type Book
-- 782.886 CLY-3 c.2

No items available.

© 2022. Malaysian Public Library, Research and Development Centre. All Right ReservedE-mailmplrdc@help.edu.my 

Powered by Koha